The theory of love and the theory of society: remarks on the oeuvre of Niklas Luhmann /

Сохранить в:
Библиографические подробности
Главный автор: Morgner, Christian
Формат: Текст
Метки: Добавить метку
Нет меток, Требуется 1-ая метка записи!

MARC

LEADER 00000 a a2200000 04500
001 47206
003
040
100 |a Morgner, Christian  
245 |a The theory of love and the theory of society:   |b remarks on the oeuvre of Niklas Luhmann /  |c Christian Morgner  
773 |g volumen29, número5, (2014), páginas 396-404  
999 |c 37114  |d 37114